| 000 | 00420nam a22001697a 4500 | ||
|---|---|---|---|
| 003 | NUST - PNEC | ||
| 005 | 20170116180840.0 | ||
| 008 | 150819b xxu||||| |||| 00| 0 eng d | ||
| 020 | _a- | ||
| 040 | _cLIBRARY | ||
| 082 | _a531.1133 SQU | ||
| 100 |
_95312 _aSquire, Charles F. |
||
| 245 |
_aWaves in physical systems _cCharles F. Squire |
||
| 260 | _cc.1971 | ||
| 650 |
_95314 _aWave mechanics _xME |
||
| 942 |
_2ddc _cBK |
||
| 999 |
_c64375 _d64375 |
||